000 01063nam a22003377a 4500
001 BR2011001285
003 BR-BrBNA
005 20230928103631.0
007 ta
008 230509b bl.||||| |||| 00| 0 por d
040 _aBR-BrBNA
_bpor
_cBiblioteca Nacional de Agricultura
041 _a(Por)
072 _aT01
_b3876
_b0180
090 _ 3876 BR2011001285
100 1 _aPinto, O.B.
110 1 _aCentro de Energia Nuclear na Agricultura, Piracicaba, SP (Brasil)
_0Tese (Mestre em Ciências)
245 1 _aAvaliação de risco ambiental em solos brasileiros de um herbicida em desenvolvimento para campos de cereais
260 3 _aPiracicaba, SP (Brasil):
_c2010.
300 _a65 p.
500 _aSummaries (Eng, Por); 12 illus.; 10 tables; Bibliography p. 60-65
650 _aHERBICIDA
650 _aSOLO
650 _aPOLUIÇÃO AMBIENTAL
650 _aRISCO
650 _aÁGUAS SUBTERRÂNEAS
650 _aÁGUAS SUPERFICIAIS
650 _aSORÇÃO
650 _aLIXIVIAÇÃO
909 _a202309
_bLucia
_c55
_dLucia Elande
942 _cBK
999 _c75901
_d75901